00490cam a2200157 a 450000100100000000500170001000800410002702000140006804000250008208200190010710000240012624500580015026000510020830000340025965000390029300000112720200929145501.0731003s1966 onca b 001 0 eng  z802014135 aDO-SdBNPbspacBNPHU a759.011bH293p1 aHarper, J. Russell.10aPainting in Canada :ba history /cJ. Russell Harper. aToronto :bUniversity of Toronto Press,c1966. aviii, 443 p. :bil. ;c29 cm. 4aArte canadiensexPinturaxHistoria